| 000 | 00375nam a2200133Ia 4500 | ||
|---|---|---|---|
| 005 | 20251222143255.0 | ||
| 008 | 251222s9999||||xx |||||||||||||| ||spa|| | ||
| 020 | _a9972-755-92-4 | ||
| 082 | _a724.098.537/S21L/T.II | ||
| 100 | _aSan Cristóbal Sebastián, Antonio | ||
| 245 | 0 | _aLa Casa Virreinal Limeña de 1570 a 1687 | |
| 264 | _bCongreso de la República | ||
| 942 | _cLIB | ||
| 999 |
_c15118 _d15118 |
||